000 00511nam a2200205Ia 4500
003 OSt
005 20221005133308.0
006 a|||||r|||| 00| 0
007 ta
008 221004b |||||||| |||| 00| 0 eng d
024 _a120741
037 _cTextual
040 _aCRL
_cCRL
_beng
041 _2eng
_aeng
100 _aIndia , Manager Press
_9642357
245 0 _aWhite paper on Indian states
650 _aGENERAL
_9592526
942 _cTEXL
_2cc
999 _c1066365
_d1066365